Catálogo
 En Linea

Amor asombroso amor / (Registro nro. 23054)

Detalles MARC
000 -CABECERA
campo de control de longitud fija 00722nam a2200205 a 4500
001 - NÚMERO DE CONTROL
campo de control 000023558
005 - FECHA Y HORA DE LA ÚLTIMA TRANSACCIÓN
campo de control 20200930022316.0
008 - DATOS DE LONGITUD FIJA--INFORMACIÓN GENERAL
campo de control de longitud fija 101213n1980uuuuag r 000 j spa d
040 ## - FUENTE DE LA CATALOGACIÓN
Centro catalogador/agencia de origen DO-SdBNP
Lengua de catalogación spa
Centro/agencia transcriptor BNPHU
082 ## - NÚMERO DE LA CLASIFICACIÓN DECIMAL DEWEY
Número de clasificación 839.316
Número de documento/Ítem T289a
100 1# - ENTRADA PRINCIPAL--NOMBRE DE PERSONA
Nombre de persona Ten Boom, Corrie,
Fechas asociadas al nombre 1892-1983.
9 (RLIN) 48562
240 10 - TÍTULO UNIFORME
Título uniforme Amazing love.
Lenguaje de la obra Español.
245 10 - MENCIÓN DE TÍTULO
Título Amor asombroso amor /
Mención de responsabilidad, etc. Corrie Ten Boom ; prólogo de Laura H. de Disselkoen, Norman P. Grubb.
260 ## - PUBLICACIÓN, DISTRIBUCIÓN, ETC.
Lugar de publicación, distribución, etc. Buenos Aires :
Nombre del editor, distribuidor, etc. Mundo Hispano,
Fecha de publicación, distribución, etc. [198?].
300 ## - DESCRIPCIÓN FÍSICA
Extensión 113, [1] p. ;
Dimensiones 18 cm.
650 #4 - PUNTO DE ACCESO ADICIONAL DE MATERIA--TÉRMINO DE MATERIA
Término de materia o nombre geográfico como elemento de entrada Novela holandesa
9 (RLIN) 44182
650 #4 - PUNTO DE ACCESO ADICIONAL DE MATERIA--TÉRMINO DE MATERIA
Término de materia o nombre geográfico como elemento de entrada Literatura holandesa
Subdivisión cronológica SIGLO XX
9 (RLIN) 48563
700 1# - PUNTO DE ACCESO ADICIONAL--NOMBRE DE PERSONA
Nombre de persona H. de Disselkoen, Laura
Término indicativo de función/relación pról.
9 (RLIN) 48564
700 1# - PUNTO DE ACCESO ADICIONAL--NOMBRE DE PERSONA
Nombre de persona Grubb, Norman P.
Término indicativo de función/relación pról.
9 (RLIN) 48565
Existencias
Estado de retiro Estado de pérdida Restricciones de uso No para préstamo Código de colección Localización permanente Ubicación/localización actual Ubicación en estantería Fecha de adquisición Número de inventario Total de préstamos Signatura topográfica completa Código de barras Fecha visto por última vez Precio válido a partir de Tipo de ítem Koha Número de copia
      Excluido de préstamo Monografías: Libros y Folletos General General Depósito 13.12.2010 LF1   839.316 T289a 23558-10 25.06.2020 25.06.2020 No se presta  
  Extraviado   Excluido de préstamo Monografías: Libros y Folletos General General Extraviado 19.04.2017 LF1   839.316 T289a 23558-20 25.06.2020 25.06.2020 No se presta e. 2

Con tecnología Koha